| 000 | 00971cam a2200325Ma 4500 | ||
|---|---|---|---|
| 001 | 85629 | ||
| 005 | 20230410105551.0 | ||
| 008 | 971204s1996 enk 001 0 eng d | ||
| 010 | _a 95030782 | ||
| 035 | _a(OCoLC)ocn300931821 | ||
| 040 |
_aRUQBL _bfre _cRUQBL _dU9S _dZWZ |
||
| 020 | _a1858983436 | ||
| 020 | _a9781858983431 | ||
| 029 | 1 |
_aZWZ _b003975584 |
|
| 035 | _a(OCoLC)300931821 | ||
| 050 | 1 | 4 | _aHC59.15 W927 1996 |
| 055 | 3 | _aHC59.15 | |
| 245 | 0 | 4 |
_aThe World economy in transition : _bwhat leading economists think / _cedited by Randall Hinshaw. |
| 260 |
_aCheltenham, En : _bEdward Elgar, _c1996. |
||
| 300 | _axi, 186 p. | ||
| 653 |
_a- _aEconomie _aEconomique _aInternational _aMondial _aPolitique |
||
| 650 | 6 |
_aHistoire économique _y1990- |
|
| 650 | 6 | _aPolitique économique. | |
| 650 | 4 | _aCRV | |
| 650 | 4 | _aColección Rene Villarreal | |
| 700 | 1 | _aHinshaw, Randall Weston. | |
| 942 |
_2lcc _cbk |
||
| 946 | _amfcruz | ||
| 994 |
_aC0 _bDRFGD |
||
| 999 |
_c39366 _d39366 |
||